书目信息 |
| 题名: |
冀热辽人民抗日斗争文献·回忆录
|
|
| 作者: | ;冀热辽人民抗日斗争史研究会编辑室 编 | |
| 分册: | ||
| 出版信息: | 天津 天津人民出版社 1987 |
|
| 页数: | 册 | |
| 开本: | 20cm | |
| 丛书名: | ||
| 单 册: | ||
| 中图分类: | K265.06 , K251 | |
| 科图分类: | ||
| 主题词: | 抗日战争--华北地区--史料 , 中国--历史--1840~1949 | |
| 电子资源: | ||
| ISBN: | ||
| 000 | 00813nam0 2200241 450 | |
| 001 | 1563237506 | |
| 005 | 20150119173446.78 | |
| 010 | @dCNY3.16 | |
| 091 | @a11072.205@dCNY9.50(全3辑) | |
| 100 | @a20080813d1987 em y0chiy0121 ea | |
| 101 | 0 | @achi |
| 102 | @aCN@b120000 | |
| 105 | @ay z 000yd | |
| 200 | 1 | @a冀热辽人民抗日斗争文献·回忆录@9ji re liao ren min kang ri dou zheng wen xian· hui yi lu@f冀热辽人民抗日斗争史研究会编辑室编 |
| 210 | @a天津@c天津人民出版社@d1987 | |
| 215 | @a册@d20cm | |
| 606 | 0 | @a抗日战争@y华北地区@j史料 |
| 606 | 0 | @a中国@x历史@z1840~1949 |
| 690 | @aK265.06@v5 | |
| 690 | @aK251@v4 | |
| 711 | 02 | @a冀热辽人民抗日斗争史研究会编辑室@9ji re liao ren min kang ri dou zheng shi yan jiu hui bian ji shi@4编 |
| 801 | 0 | @aCN@bTSSF@c20150119 |
| 905 | @aZUCC@dK251@eJY34:3 | |
| 冀热辽人民抗日斗争文献·回忆录/冀热辽人民抗日斗争史研究会编辑室编.-天津:天津人民出版社,1987 |
| 册;20cm |
| ISBN :CNY3.16 |
| ● |
| 相关链接 |
|
|
|
|
正题名:冀热辽人民抗日斗争文献·回忆录
索取号:K251/JY34:3
 
预约/预借
| 序号 | 登录号 | 条形码 | 馆藏地/架位号 | 状态 | 备注 |
| 1 | 7847622 | 278476221 | 学院路分馆/ [索取号:K251/JY34:3] | 在馆 |